| 000 | 00888nam a2200301 4500 | ||
|---|---|---|---|
| 003 | EC-UNACH | ||
| 005 | 20250930130244.0 | ||
| 006 | s||||gr|||| 00| 00 | ||
| 008 | 150116t9999 mx r gr 000 0 spa d | ||
| 020 | _a978-84-8174-992-2 | ||
| 040 |
_aEC-UNACH _cEC-UNACH |
||
| 041 | _aspa | ||
| 082 | 0 | 4 |
_223 _a615.82 _bL001528 |
| 110 | _aElsevier España S.A | ||
| 245 | _aDiccionario de fisioterapia | ||
| 250 | _aPrimera Edición | ||
| 264 |
_aMadrid - España _bElsevier _c2007 |
||
| 300 |
_a423 páginas _bImágenes _c18.5 x 13 cm |
||
| 505 | _aPrefijos -- Abreviaturas -- Conceptos -- Términos -- Definiciones | ||
| 650 | _aCONSULTA RÁPIDA | ||
| 650 | _aFISIOTERAPIA | ||
| 650 | _aDEFINICIONES | ||
| 700 | _aStuart, Porter | ||
| 942 |
_2ddc _c1 |
||
| 999 | _c13957 | ||